Busmis1060: Information Systems & Business Process Design, (Record no. 6463)

MARC details
005 - DATE AND TIME OF LATEST TRANSACTION
control field 20250630082412.0
020 ## - INTERNATIONAL STANDARD BOOK NUMBER
International Standard Book Number 13: 0-07-332981-9
082 ## - DEWEY DECIMAL CLASSIFICATION NUMBER
Classification number 650.403 HAA
100 ## - MAIN ENTRY--PERSONAL NAME
Author name HAAG, S.
245 ## - TITLE STATEMENT
Title Busmis1060: Information Systems & Business Process Design,
260 ## - PUBLICATION, DISTRIBUTION, ETC.
Place of publication, distribution, etc. New York,
Name of publisher, distributor, etc. McGraw-Hill Irwin,
Date of publication, distribution, etc. 2007.
300 ## - PHYSICAL DESCRIPTION
Extent xxxii;637p: ill Figure, Picture, Table,
Dimensions 27cm.
700 ## - ADDED ENTRY--PERSONAL NAME
Other authors/Editors CUMMINGS, M. PHILLIPS, A.
942 ## - ADDED ENTRY ELEMENTS (KOHA)
Source of classification or shelving scheme Dewey Decimal Classification
Koha item type Books
Holdings
Date last seen Total checkouts Full call number Barcode Cost, replacement price Price effective from Koha item type Lost status Source of classification or shelving scheme Damaged status Not for loan Withdrawn status Home library Current library Shelving location Date acquired Cost, normal purchase price
06/30/2025   650.403 HAA DOM0002466 120000.00 06/30/2025 Books   Dewey Decimal Classification       CBE Dodoma CBE Dodoma General Collection 04/26/2015 40000.00